Wird geladen...
The 3 Mistakes of My Life: A story about business, cricket and religion
| 1. Verfasser: | |
|---|---|
| Format: | Printed Book |
| Veröffentlicht: |
New Delhi:
Rupa.Co,
2008
|
| LEADER | 00434nam a22001337a 4500 | ||
|---|---|---|---|
| 020 | |a 9788129113726 | ||
| 082 | |a 8A3 BHA-T | ||
| 100 | |a Bhagat,Chetan | ||
| 245 | |a The 3 Mistakes of My Life: A story about business, cricket and religion | ||
| 260 | |a New Delhi: |b Rupa.Co, |c 2008 | ||
| 300 | |a 257p. | ||
| 942 | |c BK | ||
| 999 | |c 315291 |d 315291 | ||
| 952 | |0 0 |1 0 |4 0 |6 8A3_BHAT |7 0 |9 337222 |a ENG |b ENG |d 2020-11-30 |l 0 |o 8A3 BHA-T |p ENG13247 |r 2020-11-30 |w 2020-11-30 |y BK | ||